000 00907nam a2200241 a 4500
001 BRCA_4783
005 20190320204814.0
008 081010c1967----ag-af#####---#000-0#spa-#
041 _aspa
044 _aag
050 4 _aND553
_b.P56
_c1967
245 1 0 _aDaniel Vázquez Díaz
_cmonografía por Joaquín de la Puente ; panorama cultural por José Moreno Galván.
260 _aArgentina
_bCodex
_cc1967
300 _a1 v. (sin paginación)
_bil., 16 láminas a color
_c36 cm.
440 0 _aPinacoteca de los genios : la más grandiosa colección de arte del mundo
_v139
_912096
500 _aIncluye índice de ilustraciones y nómina de pintores publicados en pinacoteca de los genios
600 1 4 _aVázquez Díaz, Daniel
_d1882-1969
_912097
650 1 4 _aPintura
_92498
650 1 4 _aArte
_912098
700 1 _aJoaquín, Puente de la
_912099
700 1 _aMoreno Galván, José
_912100
942 _2lcc
_cB
999 _c4480
_d4480